| 000 | 00418pab a2200169 454500 | ||
|---|---|---|---|
| 008 | 180718b2011 xxu||||| |||| 00| 0 eng d | ||
| 100 | _aKrishnaveni, M. | ||
| 245 | _aWTO: Trade law and policy | ||
| 260 | _c2011 | ||
| 300 | _ap.13-16. | ||
| 362 | _aJuly-Dec | ||
| 650 | _aTrade | ||
| 650 | _aWorld Trade Organization | ||
| 773 | _aSouth Asian Journal of Socio-Political Studies | ||
| 908 | _aN | ||
| 909 | _a94374 | ||
| 999 |
_c94374 _d94374 |
||